| 000 | 02583nam2a2200301 4500 | ||
|---|---|---|---|
| 001 | RU\NLR\BIBL_A\016252269 | ||
| 005 | 20230127163748.0 | ||
| 010 |
_a978-5-85219-843-3 _bч. 1 |
||
| 021 |
_aRU _bКН-П-22-087815 _9КН-П-22-7791 |
||
| 035 | _a(NLR Aleph) 016252269 | ||
| 035 | _a(RuMoRGB)011456408 | ||
| 090 |
_a12831337 _c12831337 |
||
| 100 | _a20230109d2022 u y0rusy50 ca | ||
| 101 | 0 | _arus | |
| 102 | _aRU | ||
| 105 | _ay j 000zy | ||
| 200 | 1 | _aПсихолого-педагогическое сопровождение детей дошкольного возраста с тяжёлыми множественными нарушениями развития и расстройствами аутистического спектра | |
| 210 | _d2022 | ||
| 215 | _a21 с. | ||
| 320 | _aБиблиогр.: с. 19-21 (32 назв.) и в подстроч. примеч. | ||
| 461 | 0 |
_1001RU\NLR\BIBL_A\016252179 _12001#$aСтупени возможностей$eучебно-методический комплекс$eв трёх частях$fДепартамент образования администрации города Нижнего Новгорода, Муниципальное бюджетное дошкольное образовательное учреждение "Детский сад № 110" (МБДОУ "Детский сад № 110")$gсоставители: Е. С. Безрукова - учитель-дефектолог [и др.]$vЧ. 1 _912831084 _cНижний Новгород _d2022 _fДепартамент образования администрации города Нижнего Новгорода, Муниципальное бюджетное дошкольное образовательное учреждение "Детский сад № 110" (МБДОУ "Детский сад № 110") _nИзд-во НГПУ им. К. Минина _oучебно-методический комплекс : в трёх частях _tСтупени возможностей _y9785852198426 _vЧ. 1 |
|
| 606 | 1 |
_aДети с аутизмом _jУчебно-методические пособия _xПедагогическая поддержка _92224628 _3RU\NLR\AUTH\6601568554 |
|
| 606 | 1 |
_aДети с комплексными нарушениями развития _jУчебно-методические пособия _xПедагогическая поддержка _92540292 _3RU\NLR\AUTH\6601717494 |
|
| 686 | 1 | _aЮ948.45-734 | |
| 942 | _cBOOK | ||
| 980 | _aNB | ||